Kjóto - dva ročníky

Bibliographic Details
Main Author: Luxová, Viera, 1931- (Author)
Format: Article
Language:Slovak
PhysicalDescription:Fot. 7.
Subjects:

MARC

LEADER 00000nab a2200000 a 4500
001 vtls000392561
003 SK-MaSNL
005 20260304081420.0
008 250424c1990 xo 0 slo
015 |a SNBRB19rr/mm-uuuuu 
035 |a CL0392685 
035 |a urn:nbn:sk:snk-ab9bm 
035 |a (urnnbn)urn:nbn:sk:snk:ar-005lhu 
035 |a (uuid)297d5b34-1323-4b4d-844a-712c8a684b18 
040 |a SNKBUCL  |b slo  |c SNKBUCL  |e AACR2 
041 0 |a slo 
044 |a xo  |c SK 
080 |a 745.52:061.4  |2 1981 
080 |a 061.4  |2 1981 
100 1 |a Luxová, Viera,  |d 1931-  |4 aut  |9 310448 
245 1 0 |a Kjóto - dva ročníky  |c Viera Luxová 
300 |b Fot. 7. 
650 0 7 |a Medzinárodná textilná súťaž 1989, Kjóto  |2 snkbucl  |9 1369951 
655 7 |a články z novín a časopisov  |2 snkbucl  |9 267496 
773 0 |t Výtvarný život  |g Roč. 35, č. 6 (1990), s. 35-38 
850 |a Slovenská národná knižnica 
852 |a Slovenská národná knižnica 
954 |a odborná, vedecká literatúra pôvodná (slovenská)  |2 lita 
958 |a article27 
958 |a RK 
958 |a OND 
958 |a EUIPO 
992 |a RBX 
999 |c 2790739  |d 2792669